Распознавание жестов рук для использования в мобильном приложении сурдоперевода; Молодежь и современные информационные технологии

Bibliografische gegevens
Parent link:Молодежь и современные информационные технологии.— 2018.— [С. 352-353]
Coauteur: Национальный исследовательский Томский политехнический университет Инженерная школа информационных технологий и робототехники Отделение информационных технологий
Andere auteurs: Видман В. В. Виталий Викторович, Видман А. Александра, Саклаков В. М. Василий Михайлович, Аксёнов С. В. Сергей Владимирович
Samenvatting:Заглавие с титульного экрана
Taal:Russisch
Gepubliceerd in: 2018
Reeks:Информационные технологии в гуманитарных и медицинских исследованиях
Onderwerpen:
Online toegang:http://earchive.tpu.ru/handle/11683/46489
Formaat: Elektronisch Hoofdstuk
KOHA link:https://koha.lib.tpu.ru/cgi-bin/koha/opac-detail.pl?biblionumber=626465

MARC

LEADER 00000naa2a2200000 4500
001 626465
005 20240301104907.0
035 |a (RuTPU)RU\TPU\conf\25843 
035 |a RU\TPU\conf\25841 
090 |a 626465 
100 |a 20180301d2018 k y0rusy50 ca 
101 0 |a rus 
102 |a RU 
105 |a y z 101zy 
135 |a drcn ---uucaa 
181 0 |a i  
182 0 |a b 
200 1 |a Распознавание жестов рук для использования в мобильном приложении сурдоперевода  |f В. В. Видман [и др.] 
203 |a Текст  |c электронный 
225 1 |a Информационные технологии в гуманитарных и медицинских исследованиях 
300 |a Заглавие с титульного экрана 
320 |a [Библиогр.: с. 353 (3 назв.)] 
463 0 |0 (RuTPU)RU\TPU\conf\25518  |t Молодежь и современные информационные технологии  |o сборник трудов XV Международной научно-практической конференции студентов, аспирантов и молодых учёных, 04-07 декабря 2017 г., г. Томск  |f Национальный исследовательский Томский политехнический университет, Инженерная школа информационных технологий и робототехники ; под ред. С. С. Михалевич [и др.]  |v [С. 352-353]  |d 2018 
610 1 |a электронный ресурс 
610 1 |a труды учёных ТПУ 
610 1 |a распознавание 
610 1 |a жесты 
610 1 |a мобильные приложения 
610 1 |a сурдопереводы 
610 1 |a программно-аппаратные средства 
701 1 |a Видман  |b В. В.  |c специалист в области информатики и вычислительной техники  |c ассистент Томского политехнического университета  |f 1993-  |g Виталий Викторович  |3 (RuTPU)RU\TPU\pers\40161  |9 21270 
701 1 |a Видман  |b А.  |c специалист в области информатики и вычислительной техники  |c ассистент кафедры Томского политехнического университета  |f 1993-  |g Александра  |3 (RuTPU)RU\TPU\pers\40163 
701 1 |a Саклаков  |b В. М.  |c специалист в области информатики и вычислительной техники  |c cтарший преподаватель Томского политехнического университета  |f 1989-  |g Василий Михайлович  |9 21244 
701 1 |a Аксёнов  |b С. В.  |c специалист в области информатики и вычислительной техники  |c доцент Томского политехнического университета, кандидат технических наук  |f 1983-  |g Сергей Владимирович  |3 (RuTPU)RU\TPU\pers\25383 
712 0 2 |a Национальный исследовательский Томский политехнический университет  |b Инженерная школа информационных технологий и робототехники  |b Отделение информационных технологий  |3 (RuTPU)RU\TPU\col\23515 
801 2 |a RU  |b 63413507  |c 20201229  |g RCR 
856 4 |u http://earchive.tpu.ru/handle/11683/46489 
942 |c BK